Unity 2020 Virtual Reality : Projects /

Gespeichert in:
Bibliographische Detailangaben
1. Verfasser: Linowes, Jonathan (Verfasst von)
Format: Buch
Sprache:Englisch
Veröffentlicht: Birmingham Packt Publishing 2020
Ausgabe:3. vyd.
Tags: Tag hinzufügen
Keine Tags, Fügen Sie das erste Tag hinzu!

MARC

LEADER 00000nam a22000003a 4500
001 0084598
003 SK-STU
005 20201123110103.5
007 ta
008 201123s ----xo-----e------000-0-----d
020 |a 978-1-83921-733-3 
040 |a STU  |b slo 
041 0 |a eng 
044 |a xxk 
100 1 |a Linowes, Jonathan  |4 aut 
245 1 0 |a Unity 2020 Virtual Reality :  |b Projects /  |c aut. Jonathan Linowes 
250 |a 3. vyd. 
260 |a Birmingham  |b Packt Publishing  |c 2020 
300 |a 577 s. 
996 |b 284M088479  |c M* 14389-1  |l MMKN  |s A  |a 24  |w 0084598_0001